<?xml version="1.0" encoding="UTF-8"?>
<record
    xmlns:xsi="http://www.w3.org/2001/XMLSchema-instance"
    xsi:schemaLocation="http://www.loc.gov/MARC21/slim http://www.loc.gov/standards/marcxml/schema/MARC21slim.xsd"
    xmlns="http://www.loc.gov/MARC21/slim">

  <leader>00548nas a2200229 a 4500</leader>
  <datafield tag="999" ind1=" " ind2=" ">
    <subfield code="c">2596</subfield>
    <subfield code="d">2596</subfield>
  </datafield>
  <controlfield tag="006">am||p|r|||| 00| 01</controlfield>
  <controlfield tag="007">ta</controlfield>
  <controlfield tag="008">200624c20089999ii mr|p| |||| 00| a1eng d</controlfield>
  <datafield tag="040" ind1=" " ind2=" ">
    <subfield code="a">KO</subfield>
    <subfield code="b">eng</subfield>
  </datafield>
  <datafield tag="041" ind1="0" ind2=" ">
    <subfield code="a">eng</subfield>
  </datafield>
  <datafield tag="044" ind1=" " ind2=" ">
    <subfield code="a">ii</subfield>
  </datafield>
  <datafield tag="082" ind1="0" ind2="4">
    <subfield code="2">23</subfield>
    <subfield code="a">052</subfield>
    <subfield code="b">C73847</subfield>
  </datafield>
  <datafield tag="245" ind1="1" ind2="0">
    <subfield code="a">Competition in Focus</subfield>
  </datafield>
  <datafield tag="260" ind1=" " ind2=" ">
    <subfield code="a">New Delhi :</subfield>
    <subfield code="b">Arihant Media Promoters,</subfield>
    <subfield code="c">2008.</subfield>
  </datafield>
  <datafield tag="300" ind1=" " ind2=" ">
    <subfield code="a">-v :</subfield>
    <subfield code="b">col. ill. ;</subfield>
    <subfield code="c">27 cm.</subfield>
  </datafield>
  <datafield tag="310" ind1=" " ind2=" ">
    <subfield code="a">Monthly</subfield>
    <subfield code="b">(2008)-</subfield>
  </datafield>
  <datafield tag="362" ind1=" " ind2=" ">
    <subfield code="a">vol 1, no. 1 (2008)-</subfield>
  </datafield>
  <datafield tag="650" ind1=" " ind2="0">
    <subfield code="a">Competition</subfield>
  </datafield>
  <datafield tag="852" ind1=" " ind2=" ">
    <subfield code="a">KO</subfield>
  </datafield>
  <datafield tag="904" ind1=" " ind2=" ">
    <subfield code="a">Reshma_R</subfield>
  </datafield>
  <datafield tag="942" ind1=" " ind2=" ">
    <subfield code="c">PE</subfield>
  </datafield>
  <datafield tag="952" ind1=" " ind2=" ">
    <subfield code="0">0</subfield>
    <subfield code="1">0</subfield>
    <subfield code="2">ddc</subfield>
    <subfield code="4">0</subfield>
    <subfield code="6">052_000000000000000_C73847</subfield>
    <subfield code="7">0</subfield>
    <subfield code="8">NFIC</subfield>
    <subfield code="9">6840</subfield>
    <subfield code="a">KO</subfield>
    <subfield code="b">KO</subfield>
    <subfield code="c">REF</subfield>
    <subfield code="d">2016-03-21</subfield>
    <subfield code="e">Bound volume</subfield>
    <subfield code="h">Vol. 04 No. 04, Jan 2015 -- Vol. 04 No. 07, Apr 2015</subfield>
    <subfield code="o">052 C73847</subfield>
    <subfield code="p">BV0053</subfield>
    <subfield code="r">2020-06-24</subfield>
    <subfield code="y">BV</subfield>
    <subfield code="z">BV Shelf</subfield>
  </datafield>
  <datafield tag="952" ind1=" " ind2=" ">
    <subfield code="0">0</subfield>
    <subfield code="1">0</subfield>
    <subfield code="2">ddc</subfield>
    <subfield code="4">0</subfield>
    <subfield code="6">052_000000000000000_C73847</subfield>
    <subfield code="7">0</subfield>
    <subfield code="8">NFIC</subfield>
    <subfield code="9">6842</subfield>
    <subfield code="a">KO</subfield>
    <subfield code="b">KO</subfield>
    <subfield code="c">REF</subfield>
    <subfield code="d">2016-03-21</subfield>
    <subfield code="e">Bound volume</subfield>
    <subfield code="h">Vol. 04 No. 08, May 2015 -- Vol. 04 No. 11, Aug 2015</subfield>
    <subfield code="o">052 C73847</subfield>
    <subfield code="p">BV0054</subfield>
    <subfield code="r">2020-06-24</subfield>
    <subfield code="y">BV</subfield>
    <subfield code="z">BV Shelf</subfield>
  </datafield>
  <datafield tag="952" ind1=" " ind2=" ">
    <subfield code="0">0</subfield>
    <subfield code="1">0</subfield>
    <subfield code="2">ddc</subfield>
    <subfield code="4">0</subfield>
    <subfield code="6">052_000000000000000_C73847</subfield>
    <subfield code="7">0</subfield>
    <subfield code="8">NFIC</subfield>
    <subfield code="9">6843</subfield>
    <subfield code="a">KO</subfield>
    <subfield code="b">KO</subfield>
    <subfield code="c">REF</subfield>
    <subfield code="d">2016-03-21</subfield>
    <subfield code="e">Bound volume</subfield>
    <subfield code="h">Vol. 04 No. 12, Sep 2015 &amp; Vol. 05 No. 02, Nov 2015 &amp; Vol. 06 No. 02, Dec 2015</subfield>
    <subfield code="o">052 C73847</subfield>
    <subfield code="p">BV0055</subfield>
    <subfield code="r">2020-06-24</subfield>
    <subfield code="y">BV</subfield>
    <subfield code="z">BV Shelf</subfield>
  </datafield>
</record>
